000 00532nam a2200181Ia 4500
003 OSt
005 20260119091738.0
008 210210b1959 xxu||||| |||| 00| 0 eng d
040 _cAL
041 _aKannada
082 _a859/380
100 _aKRASHNAMURTI PURANIKA
_9138643
_d ಕೃಷ್ಣಮೂರ್ತಿ ಪುರಾಣಿಕ.
245 _aNimbiya nanju
_bನಿಂಬಿಯ ನಂಜು
260 _aBengaluru
_bSharada Prakatanalalya
_c1959
690 _aKannada Fiction
_9138646
906 _a021250
942 _2ddc
_cBK
999 _c145314
_d145314